[Event "Winnipeg op"]
[Site "Winnipeg"]
[Date "2018.06.19"]
[Round "3"]
[White "He, Michael"]
[Black "Gannon, Keith"]
[Result "1/2-1/2"]
[WhiteElo "1371"]
[BlackElo "1544"]
[PlyCount "89"]
[EventDate "2018.06.05"]
[EventType "swiss"]
[EventRounds "8"]
[EventCountry "CAN"]
[SourceTitle "EXT 2022"]
[Source "ChessBase"]
[SourceDate "2021.10.06"]
[SourceVersion "1"]
[SourceVersionDate "2021.10.06"]
[SourceQuality "1"]

1. c4 e5 2. Nc3 Nf6 3. Nf3 d6 4. g3 Be7 5. Bg2 Nc6 6. 0-0 0-0 7. d4 exd4 8. Nxd4 Nxd4 9. Qxd4 c6 10. h3 Bd7 11. Bf4 Qb6 12. Qxb6 axb6 13. Rfd1 Be6 14. Bxd6 Bxd6 15. Rxd6 Bxc4 16. e4 Rfe8 17. f4 h6 18. e5 Nh7 19. Rd7 Rab8 20. Ne4 Nf8 21. Rc7 Ne6 22. Rd7 Nf8 23. Rd4 Bd5 24. Nd6 Red8 25. Bxd5 cxd5 26. Rxd5 Ne6 27. Rb5 Nd4 28. Rxb6 Ne2+ 29. Kf2 Nd4 30. Rxb7 Rxb7 31. Nxb7 Rb8 32. Rd1 Rxb7 33. Rxd4 Rxb2+ 34. Kf3 Rxa2 35. Rd8+ Kh7 36. Kg4 Ra6 37. Rd6 Ra7 38. h4 Re7 39. h5 Kg8 40. Kf5 Kh7 41. g4 Kg8 42. g5 hxg5 43. fxg5 Kh7 44. g6+ fxg6+ 45. Rxg6 1/2-1/2

[Event "Winnipeg op"]
[Site "Winnipeg"]
[Date "2018.06.12"]
[Round "2"]
[White "Furda, Evheniya Diana"]
[Black "He, Michael"]
[Result "1-0"]
[WhiteElo "1520"]
[BlackElo "1375"]
[PlyCount "37"]
[EventDate "2018.06.05"]
[EventType "swiss"]
[EventRounds "8"]
[EventCountry "CAN"]
[SourceTitle "EXT 2022"]
[Source "ChessBase"]
[SourceDate "2021.10.06"]
[SourceVersion "1"]
[SourceVersionDate "2021.10.06"]
[SourceQuality "1"]

1. e4 e6 2. d4 d5 3. Nc3 Bb4 4. e5 Bxc3+ 5. bxc3 Ne7 6. Qg4 0-0 7. Bd3 g6 8. h4 h5 9. Qf4 Nf5 10. Bxf5 exf5 11. Qh6 c5 12. Bg5 f6 13. Qxg6+ Kh8 14. Bxf6+ Rxf6 15. exf6 Qf8 16. Qxh5+ Kg8 17. Qg5+ Kf7 18. h5 Nd7 19. Qg6+ 1-0